Motivácia a odmeňovanie zamestnancov vo vybranej spoločnosti bakalárska práca

Na minha lista:
Detalhes bibliográficos
Autor principal: Berecová, Alexandra
Autor Corporativo: Obchodná fakulta EU. Katedra marketingu
Outros Autores: Pavliková, Marta
Formato: Livro
Idioma:eslovaco
Publicado em: Bratislava 2017
Tags: Adicionar Tag
Sem tags, seja o primeiro a adicionar uma tag!

MARC

LEADER 00000nbm a2200000 4500
001 0232824
005 20170920110927.3
041 0 |a slo 
044 |a SK 
245 1 0 |a Motivácia a odmeňovanie zamestnancov vo vybranej spoločnosti  |b bakalárska práca  |c Alexandra Berecová ; školiteľ: Marta Pavliková 
264 1 |a Bratislava  |c 2017 
300 |a 49 s. 
100 1 |a Berecová, Alexandra 
700 1 |a Pavliková, Marta 
710 2 |a Obchodná fakulta EU. Katedra marketingu